| 000 | 00731nas a2200241 4500 | ||
|---|---|---|---|
| 001 | BR8905258 | ||
| 003 | BR-BrBNA | ||
| 005 | 20231205091743.0 | ||
| 007 | ta | ||
| 008 | 230509b bl.|||p| |||| 00| 00por d | ||
| 040 |
_aBR-BrBNA _bpor _cBiblioteca Nacional de Agricultura |
||
| 041 | _a(Pt) | ||
| 072 | _aL10 | ||
| 100 | 1 | _aAlvarez, R.H. | |
| 100 | 1 | _aAguiar, A.F. | |
| 100 | 1 | _aStrassburger, J. | |
| 245 | 1 | _aCiclo estral regular e producao de embrioes em vacas da raca nelore superovuladas com HMG | |
| 650 | _aGADO NELORE | ||
| 650 | _aCICLO ESTRAL | ||
| 773 | 0 |
_tZootecnia (Brazil) _xISSN 0044-5320 _g(Jul-Sep 1987), v. 25(3) p. 265-273 _wBR8905258 |
|
| 909 |
_a202311 _bLúcia _c55 _dLúcia Elande |
||
| 942 |
_2AGRIS _n0 _cANA |
||
| 999 |
_c127122 _d127122 |
||